Δήμητρα Τσάτσου : η ηρωίδα της Λάρισας : η δράση της, η σύλληψή της, το μαρτύριό της, η εκτέλεσή της
Saved in:
| Main Author: | |
|---|---|
| Format: | Book |
| Language: | Greek |
| Published: |
Λάρισα :
Πολιτιστικός Οργανισμός Δήμου Λάρισας,
1992
|
| Subjects: | |
| Tags: |
Add Tag
No Tags, Be the first to tag this record!
|
MARC
| LEADER | 00000cam a2200000 i 4500 | ||
|---|---|---|---|
| 001 | 1/78672 | ||
| 008 | 970220s1992 gre d | ||
| 035 | |a 1993 |b 2 |c Δωρεά |l 10032985 | ||
| 040 | |a GR-MY-UA |b gre |e aacr | ||
| 041 | 0 | |a gre | |
| 082 | 0 | |a 938.75 | |
| 100 | 1 | |a Βουλγαράκης, Δαμιανός Αχ. | |
| 245 | 1 | 0 | |a Δήμητρα Τσάτσου : |b η ηρωίδα της Λάρισας : η δράση της, η σύλληψή της, το μαρτύριό της, η εκτέλεσή της / |c Δαμιανός Αχ. Βουλγαράκης |
| 260 | |a Λάρισα : |b Πολιτιστικός Οργανισμός Δήμου Λάρισας, |c 1992 | ||
| 300 | |a 47 σ. | ||
| 600 | 1 | 7 | |2 nlgaf |a Τσάτσου, Δήμητρα Ι., |d 1920-1944. |
| 650 | 0 | 0 | |a Women |z Greece |x History |y Occupation, 1941-1944. |
| 852 | |a INST |b RHODES |e 19970220 |h 938.75 ΒΟΥ |p 005400000179 |q 005400000179 |t BK |y 0 | ||
| 970 | |z 2000/06/ΟΙΚΟΝΟΜΟΠΟΥΛΟΥ (SUBJECT) | ||